अल्लाउदिन आणि जादूचा दिवा (Record no. 952320)

MARC details
000 -LEADER
fixed length control field 00377nam a2200133Ia 4500
008 - FIXED-LENGTH DATA ELEMENTS--GENERAL INFORMATION
fixed length control field 151001s9999||||xx |||||||||||||| ||und||
100 ## - MAIN ENTRY--PERSONAL NAME
Personal name आशा जोशी
245 ## - TITLE STATEMENT
Title अल्लाउदिन आणि जादूचा दिवा
250 ## - EDITION STATEMENT
Edition statement 1
260 ## - PUBLICATION, DISTRIBUTION, ETC. (IMPRINT)
Name of publisher, distributor, etc सदभिरुची प्रकाशन
260 ## - PUBLICATION, DISTRIBUTION, ETC. (IMPRINT)
Date of publication, distribution, etc 1907
300 ## - PHYSICAL DESCRIPTION
Extent 107
365 ## - TRADE PRICE
Price amount 7

No items available.